000 00624nam a2200193 a 4500
001 000034167
005 20200930070830.0
008 110926s2002 es 000 0 spa d
020 _a8474325560
040 _aDO-SdBNP
_bspa
_cBNPHU
100 1 _aMalem Seña, Jorge F.
_959586
245 1 3 _aLa corrupción :
_baspectos éticos, económicos, políticos y jurídicos /
_cJorge F. Malem Seña.
260 _aEspaña :
_bGedisa,
_c2002.
300 _a250 p. ;
_c23 cm.
490 1 _aCla-de-ma filosofía del derecho
504 _aBibliografía p. 235-246
830 0 _aCla-de-ma filosofía del derecho
_959587
049 _aBNPD
999 _c33658
_d33658